| 000 | 00720cam a2200193 i 4500 | ||
|---|---|---|---|
| 005 | 20260112101717.0 | ||
| 008 | 250721s2008 jo gr 000 0 ara d | ||
| 082 | 1 | 4 |
_a304.2 _bط ر ز |
| 100 | 1 |
_aالطرزي، عبدالله _eمؤلف. |
|
| 245 | 1 | 2 |
_aالجغرافيا البشرية : _bالإنسان - المكان - الحضارة / _cأ.د.عبدالله الطرزي. |
| 250 | _aالطبعة الاولى. | ||
| 264 | 3 | 1 |
_aعمان : _bالمركز القومي للنشر، _c2008. |
| 300 | _a390صفحة. | ||
| 650 | 1 | 7 | _aالجغرافيا الانثربولوجيه. |
| 650 | 1 | 7 | _aالجغرافيا البشريه. |
| 650 | 1 | 7 | _aالحضاره. |
| 942 |
_2ddc _cBK |
||
| 999 |
_c713 _d713 |
||